000 00834cam a22002653a 4500
001 39784
003 PGUSA
005 20140828083903.0
008 120524s2012||||xxu|||||s|||||000 | eng d
040 _aPGUSA
_beng
042 _adc
245 1 0 _aMother Goose's Nursery Rhymes :
_bA Collection of Alphabets, Rhymes, Tales, and Jingles
_h[electronic resource]
260 _bProject Gutenberg,
_c2012
506 _aPublic domain in the USA.
516 _aElectronic text
653 _aNursery rhymes
700 1 _aTenniel, John,
_d1820-1914
700 1 _aWeir, Harrison,
_d1824-1906
700 1 _aGilbert, John,
_cSir,
_d1817-1897
700 1 _aZwecker, Johann Baptist,
_d1814-1876
700 1 _aCrane, Walter,
_d1845-1915
830 0 _aProject Gutenberg
_v39784
856 4 0 _uhttp://www.gutenberg.org/ebooks/39784
942 _cEB
999 _c269037
_d269037